La recuperación industrial del aglomerado Gran Rosario a inicios del siglo XXI (Registro nro. 29087)
[ vista simple ]
| 000 -LEADER | |
|---|---|
| fixed length control field | 00429 a2200133 4500 |
| 001 - CONTROL NUMBER | |
| control field | ART_26195 |
| 005 - DATE AND TIME OF LATEST TRANSACTION | |
| control field | 20260410161936.0 |
| 008 - FIXED-LENGTH DATA ELEMENTS--GENERAL INFORMATION | |
| fixed length control field | 260409a |
| 100 1# - MAIN ENTRY--PERSONAL NAME | |
| Personal name | Báscolo, Paula J. |
| 245 10 - TITLE STATEMENT | |
| Title | La recuperación industrial del aglomerado Gran Rosario a inicios del siglo XXI |
| 700 1# - ADDED ENTRY--PERSONAL NAME | |
| Personal name | Ghilardi, María Fernanda |
| 700 1# - ADDED ENTRY--PERSONAL NAME | |
| Personal name | Secreto, María Florencia |
| 773 0# - HOST ITEM ENTRY | |
| Title | SaberEs |
| Related parts | - Nº 1 (jun. 2009) |
| Record control number | REV26089 |
No hay ítems disponibles.